|
|
|
|
| LEADER |
00000cas a2200000 a 4500 |
| 001 |
vtls008696664 |
| 003 |
SK-MaSNL |
| 005 |
20260228155857.0 |
| 008 |
060428cuuuu9999xo ar 000 b0slo |
| 020 |
|
|
|a 8070984236 (brož. : r. 2005/2006)
|
| 020 |
|
|
|a 8070984457 (brož. : r. 2006/2007)
|
| 040 |
|
|
|a SAVUK
|b slo
|c SAVUK
|e AACR2
|d SNK
|
| 041 |
0 |
|
|a slo
|
| 044 |
|
|
|a xo
|c SK
|
| 080 |
|
|
|a 373.3.014.521
|2 2001
|
| 080 |
|
|
|a 373.5.014.521
|2 2001
|
| 080 |
|
|
|a 373.3.058
|2 2001
|
| 080 |
|
|
|a 373.5.0581
|2 2001
|
| 110 |
1 |
|
|a Slovensko.
|b Ministerstvo školstva
|
| 245 |
1 |
0 |
|a Cirkevné a súkromné školy a školské zariadenia v Slovenskej republike v školskom roku...
|
| 260 |
|
|
|a Bratislava
|b Ústav informácií a prognóz školstva
|c 2005
|
| 300 |
|
|
|a zv.
|b tab.
|c 21 cm
|
| 310 |
|
|
|a 1x ročne
|
| 500 |
|
|
|a Súčasťou názvu je označenie školského roku
|
| 650 |
0 |
7 |
|a cirkevné školy
|2 SNKPH
|9 4074
|
| 650 |
0 |
7 |
|a súkromné školy
|2 SNKPH
|9 71385
|
| 650 |
0 |
7 |
|a školské zariadenia
|2 SNKPH
|9 265519
|
| 910 |
|
|
|a savuk
|
| 910 |
|
|
|a snk
|
| 919 |
|
|
|a 80-7098-423-6
|
| 919 |
|
|
|a 80-7098-445-7
|
| 999 |
|
|
|c 799
|d 799
|
| 952 |
|
|
|0 0
|1 0
|4 0
|7 0
|8 1
|a SNK
|b SNK
|d 2007-11-22
|i snk2007/25703
|l 0
|o snkČSD 2437/2006-2007
|p 17A0563306
|r 2026-02-21 20:21:50
|w 2026-02-21
|y PREZ
|
| 952 |
|
|
|0 0
|1 0
|4 0
|7 0
|8 1
|a SNK
|b SNK
|d 2007-11-22
|i snk2007/25702
|l 0
|o snkČSD 2437/2005-2006
|p 17A0563305
|r 2026-02-21 20:29:09
|w 2026-02-21
|y PREZ
|
| 952 |
|
|
|0 0
|1 0
|4 0
|7 0
|8 0
|a SNK
|b SNK
|d 2008-02-19
|i snk2008/4402
|l 0
|o snkČSD 2437/2005-2006 D1
|p 17A0574479
|r 2026-02-21 20:39:09
|w 2026-02-21
|y PREZ
|
| 952 |
|
|
|0 0
|1 0
|4 0
|7 0
|8 0
|a SNK
|b SNK
|d 2008-02-19
|i snk2008/4403
|l 0
|o snkČSD 2437/2006-2007 D1
|p 17A0574480
|r 2026-02-21 20:39:09
|w 2026-02-21
|y PREZ
|